| 000 | 00998nam a2200265Ia 4500 | ||
|---|---|---|---|
| 001 | ebr10073601 | ||
| 003 | CaPaEBR | ||
| 006 | m u | ||
| 007 | cr cn||||||||| | ||
| 008 | 040629s2005 maua s 000 0 eng d | ||
| 020 | _z1592006612 | ||
| 040 |
_aCaPaEBR _cCaPaEBR |
||
| 035 | _a(OCoLC)70773789 | ||
| 050 | 1 | 4 |
_aT385 _b.K64 2005eb |
| 100 | 1 | _aKoers, Diane. | |
| 245 | 1 | 0 |
_aPaint shop pro 9 _h[electronic resource] : _bphotographers' guide / _cDiane Koers. |
| 260 |
_aBoston, MA : _bCourse Technology PTR, _c2005. |
||
| 300 |
_axi, 314 p. : _bill. |
||
| 533 |
_aElectronic reproduction. _bPalo Alto, Calif. : _cebrary, _d2009. _nAvailable via World Wide Web. _nAccess may be limited to ebrary affiliated libraries. |
||
| 630 | 0 | 0 | _aPaint shop pro. |
| 650 | 0 | _aComputer graphics. | |
| 655 | 7 |
_aElectronic books. _2local |
|
| 710 | 2 | _aebrary, Inc. | |
| 856 | 4 | 0 |
_uhttp://site.ebrary.com/lib/rucke/Doc?id=10073601 _zAn electronic book accessible through the World Wide Web; click to view |
| 999 |
_c154191 _d154191 |
||